Rocas y minerales

Gorde:
Xehetasun bibliografikoak
Egile nagusia: Lagomarsino, James (Egilea)
Formatua: Liburua
Hizkuntza:gaztelania
Argitaratua: Londres Parragón Books Ltd. 2009
Edizioa:1a. ed
Gaiak:
Etiketak: Etiketa erantsi
Etiketarik gabe, Izan zaitez lehena erregistro honi etiketa jartzen!

MARC

LEADER 00000cam a2200000 a 4500
001 UCE0257
003 CL-VaPUC
008 140109e20090000uk |||||||||||||||||spa|d
020 |a 9781407567716 
082 0 4 |a 552.06  |b LAG  |2 21 
100 0 |a Lagomarsino, James  |e author  |9 572625 
245 1 0 |a Rocas y minerales 
250 |a 1a. ed 
300 |a 256 p 
942 |c BK 
945 |d 20140109 11:50:00  |a dcastane 
260 |a Londres  |b Parragón Books Ltd.  |c 2009 
650 0 |a Geomorfología   |9 261377 
650 0 |a Rocas  |9 266105 
650 0 |a Minerales   |9 264051 
650 7 |a ROCAS SEDIMENTARIAS  |2 CL-VaPUC  |9 261673 
650 0 |a Geología   |9 260984 
650 7 |a ROCAS IGNEAS  |2 CL-VaPUC  |9 357477 
583 |a last modification  |c 20140109 11:50:00  |k Rodrigo Vera 
999 |c 354459  |d 354457 
952 |0 0  |1 0  |3 erb  |4 0  |6 552_060000000000000_LAG_2009  |7 0  |8 A  |9 460347  |a BIBING  |b BIBING  |i 5045800  |o 552.06 LAG 2009  |p 5045800  |r 2023-03-02  |w 2019-11-23  |y BK  |z Catalogado en:20140109  |k GEO 
952 |0 0  |1 0  |3 erb  |4 0  |6 552_060000000000000_LAG_2009  |7 0  |8 A  |9 460348  |a BIBING  |b BIBING  |i 5045819  |l 5  |m 4  |o 552.06 LAG 2009  |p 5045819  |r 2025-01-20  |s 2024-11-28  |w 2019-11-23  |y BK  |z Catalogado en:20140109  |k GEO